000 01211nam a2200325 i 4500
003 MY-SjTCS
005 20260616160221.0
008 230727s2025 xraa|||| |||| 00| 0 eng d
020 _a9781925505665
_qpaperback
040 _aSSL:NED
_beng
_erda
_cSSL
_dSSL
_dMY-SjTCS
043 _au-at---
082 0 4 _a349.94
_bCIO 2025
100 1 _aCioffi, Danielle,
_eauthor.
_9306195
245 1 0 _aSACE two legal studies :
_bworkbook /
_cDanielle Cioffi, John McCall ; [lead editor, Peter Cavouras].
246 3 0 _aSACE2 legal studies
250 _aSecond edition.
264 1 _aNorth Adelaide, SA :
_bAdelaide Tuition Centre,
_c2025.
300 _aiv, 360 pages :
_billustrations ;
_c30 cm
336 _atext
_2rdacontent
337 _aunmediated
_2rdamedia
338 _avolume
_2rdacarrier
500 _a"Now with digital books online"--Cover.
650 0 _aLaw
_zAustralia.
_93996
650 0 _aLaw
_xStudy and teaching (Secondary)
_zAustralia
_9304856
650 0 _aLaw
_xStudy and teaching (Secondary)
_933079
830 0 _aEssentials education series
_9206846
700 1 _aMcCall, John,
_eauthor.
_9306196
700 1 _aCavouras, Peter,
_eeditor.
_93994
920 _aSOPU : 339864, 375513, 375514, 375515, 375516
999 _c193167